| 000 | 04474cam a22004338i 4500 | ||
|---|---|---|---|
| 999 |
_c31835 _d31835 |
||
| 001 | 22178129 | ||
| 003 | PAC University | ||
| 005 | 20240226120833.0 | ||
| 008 | 210816s2022 enk b 001 0 eng | ||
| 010 | _a 2021039228 | ||
| 020 |
_a9780367321420 _q(hardback) |
||
| 020 |
_a9780367321437 _q(paperback) |
||
| 020 |
_z9780429316975 _q(ebook) |
||
| 040 |
_aDLC _beng _erda _cPAC University _dPAC University |
||
| 042 | _apcc | ||
| 043 |
_au-at--- _au-nz--- |
||
| 050 | 0 | 0 |
_aHV6020 _b.W66 2022 |
| 082 | 0 | 0 |
_a364.082 _223 |
| 245 | 0 | 0 |
_aWomen, crime and justice in context : _bcontemporary perspectives in feminist criminology from Australia and New Zealand / _cedited by: Anita Gibbs and Fairleigh Evelyn Gilmour. |
| 263 | _a2201 | ||
| 264 | 1 |
_aMilton Park, Abingdon, Oxon ; _aNew York, NY : _bRoutledge, _c2022. |
|
| 300 |
_ax, 270p. : _bill. ; _c24cm. |
||
| 336 |
_atext _btxt _2rdacontent |
||
| 337 |
_aunmediated _bn _2rdamedia |
||
| 338 |
_avolume _bnc _2rdacarrier |
||
| 504 | _aIncludes bibliographical references and index. | ||
| 505 | 0 | _aIntroduction / Fairleigh Evelyn Gilmour and Anita Gibbs -- Feminist criminology / Fairleigh Evelyn Gilmour -- Gender and victimology: a necessary pairing / Jan Jordan -- Gender, criminal law and violence against women: mapping the limits of legal interventions and approaches to reform / Kate Fitz-Gibbon -- Women in the criminal justice system / Kate Seymour -- Sex work, feminism and the legal system: Aotearoa in a global context / Lynzi Armstrong -- Women, crime and the media / Fairleigh Evelyn Gilmour -- Violence against women in true crime podcasts: beyond representation and on to justice in the late-modern landscape / Laura Vitus -- Restorative justice in the context of gender-based violence and harm / Andrea Păroşanu -- Punishment in the community: community sentences and gender / Anita Gibbs -- Post-prison experiences and women / Kirsten Gibson -- Women, incarceration and settler colonial control / Tracey McIntosh -- Queer criminology / Angela Dwyer -- Women and girls with neurodisabilities and mental health issues in the criminal justice system / Anita Gibbs -- "Nothing about us, without us": centring the voices of criminalised women / Debbie Kilroy and Suzi Quixley -- Women and crimmigration / Brandy Cochrane -- Feminist prison abolitionism / Ti Lamusse -- Conclusion / Anita Gibbs and Fairleigh Evelyn Gilmour. | |
| 520 |
_a"This book presents contemporary feminist approaches to key issues in criminal justice. It draws together key researchers from Australia and New Zealand to offer a context-specific textbook that covers all of the major debates in the discipline in an accessible way. This book examines both the foundational texts and cutting-edge contributions to the topic and acknowledges the unique challenges and debates in the local Australian and New Zealand context. Written as an entry-level text, it introduces undergraduate students to key theories, research and and debates on the topics of offending, victimization and the criminal justice system. It explores key topics in feminist criminology with chapters exploring sex work, prison abolitionism, community punishment, media representations of crime and victims, and the impacts of digital technology on gendered violence. Centring on an intersectional approach, the book includes chapters that focus on disability, queer criminology, indigenous perspectives, migration and service-user perspectives. The book concludes by exploring future directions in feminist approaches to crime and justice. This textbook will be essential reading for undergraduates and researchers studying feminist criminology, gender and crime, queer criminology, socio-legal studies, intersectionality, sociology and criminal justice"-- _cProvided by publisher. |
||
| 650 | 0 |
_aFeminist criminology _zAustralia. |
|
| 650 | 0 |
_aFeminist criminology _zNew Zealand. |
|
| 650 | 0 |
_aFemale offenders _zAustralia. |
|
| 650 | 0 |
_aFemale offenders _zNew Zealand. |
|
| 700 | 1 |
_aGibbs, Anita, _eeditor. |
|
| 700 | 1 |
_aGilmour, Fairleigh Evelyn, _eeditor. |
|
| 776 | 0 | 8 |
_iOnline version: _tWomen, crime and justice in context _dMilton Park, Abingdon, Oxon ; New York, NY : Routledge, 2022 _z9780429316975 _w(DLC) 2021039229 |
| 906 |
_a7 _bcbc _corignew _d1 _eecip _f20 _gy-gencatlg |
||
| 942 |
_2lcc _cBK _hHV6020 _i.W66 2022 |
||